The office characters Quiz Stats

 Plays Quiz not verified by Sporcle

Challenge
Share
Tweet
Embed
Score 0/21 Timer 03:00
0 Plays Today
Character % Correct
Jim
99.3%
Pam
99.3%
Michael
98.6%
Dwight
97.2%
Angela
94.3%
Oscar
92.9%
Andy
92.2%
Ryan
91.5%
Stanley
90.8%
Jan
90.8%
Kevin
88.7%
Character % Correct
Phyllis
87.9%
Kelly
86.5%
Creed
81.6%
Toby
78%
Meredith
75.2%
Darryl
70.2%
Erin
69.5%
Roy
68.8%
Karen
62.4%
David Wallace
41.8%

You're not logged in!

Compare scores with friends on all Sporcle quizzes.
Join for Free
OR
Log In

You Might Also Like...

Show Comments

Extras

Created Jan 10, 2010ReportNominate
Tags:character, office

Top Quizzes Today


Score Distribution

Your Account Isn't Verified!

In order to create a playlist on Sporcle, you need to verify the email address you used during registration. Go to your Sporcle Settings to finish the process.

Report this User

Report this user for behavior that violates our Community Guidelines.

Details: